000
00183nam a22000857a 4500
999
_c
12817
_d
12817
082
_a
DS385.J5
100
_a
Muhammad Ali Shaikh
245
_a
Quai-i-Azam Mohammad Ali Jinnah
942
_c
BK